Strategic management : formulation, implementation, and control /

Saved in:
書目詳細資料
主要作者: Pearce, John
其他作者: Robinson, Richard B.
格式: 圖書
語言:英语
出版: Boston : McGraw-Hill/Irwin, c2005.
版:9th ed.
主題:
標簽: 添加標簽
沒有標簽, 成為第一個標記此記錄!

MARC

LEADER 00000cam a22000002 4500
001 0000019947
005 20171002015242.0
008 060522s xx 000 0 eng d
020 |a 007289024X 
040 |a Daystar  |d EKioko 
050 0 0 |a HD 30.28  |b .P339 
100 1 |a Pearce, John. 
245 1 0 |a Strategic management :  |b formulation, implementation, and control /  |c John Pearce. 
250 |a 9th ed. 
260 |a Boston :  |b McGraw-Hill/Irwin,  |c c2005. 
300 |a xxix, 392 p. :  |b ill. 
504 |a Includes index. 
650 0 |a Strategic planning. 
700 1 0 |a Robinson, Richard B. 
908 |a 060522 
942 |c BK 
999 |c 8463  |d 8463